Países y Capitales de América de memoria - Estadísticas

Estadísticas generales
  • Esta prueba ha sido intentada 408 veces
  • La puntuación promedio es 50 de 71
Estadísticas de respuestas
Respuestas % Correcto
Estados Unidos
90%
México
89%
Brasil
87%
Canadá
87%
Argentina
86%
Buenos Aires
85%
Chile
85%
Colombia
85%
Uruguay
85%
Washington D. C.
85%
Panamá
84%
Perú
84%
Guatemala
83%
Venezuela
83%
Ciudad de México
82%
Paraguay
82%
Santiago de Chile
82%
Bogotá
81%
Bolivia
81%
Caracas
81%
Cuba
81%
Ecuador
81%
El Salvador
81%
Lima
81%
Montevideo
81%
Honduras
80%
Jamaica
80%
Nicaragua
80%
Haití
79%
Ottawa
79%
Brasilia
78%
República Dominicana
78%
Costa Rica
77%
Surinam
77%
Guyana
76%
Belice
75%
Bahamas
74%
Asunción
73%
La Habana
73%
Quito
73%
San Salvador
72%
Barbados
68%
La Paz
68%
Santa Lucía
68%
Trinidad y Tobago
68%
San José
67%
Tegucigalpa
66%
Granada
65%
Managua
65%
Santo Domingo
65%
San Vicente y las Granadinas
65%
Antigua y Barbuda
64%
Puerto Príncipe
64%
Dominica
63%
San Cristóbal y Nieves
63%
Belmopán
60%
Sucre
60%
Kingston
59%
Georgetown
58%
Ciudad de Panamá
57%
Puerto España
56%
Ciudad de Guatemala
55%
Paramaribo
53%
Saint John's
51%
Nasáu
50%
Saint George's
43%
Kingstown
42%
Bridgetown
40%
Castries
39%
Basseterre
38%
Roseau
38%
No se encontraron pruebas coincidentes
Distribución de puntuación
Porcentaje de gente con cada puntuación
Porcentaje por número respondido
Historial de tus puntuaciones
No has intentado esta prueba.